000 00623nam a2200181Ia 4500
008 100917s9999 xx 000 0 und d
082 _b56026
100 _aसाठे के. अ. / जोशी शिं. पु.
245 _aप्राप्ती कराशी मैत्री
260 _bकौशिक प्रकाशन
_c1982
300 _a482/17
365 _b75
520 _aनिबंध
630 _aप्राप्ती कराशी मैत्री
650 _aनिबंध
730 _aप्राप्ती कराशी मैत्री
942 _cBOOK
999 _c661420
_d661417